Essentials of economics / (Record no. 21148)

MARC details
000 -LEADER
fixed length control field 00850nam a2200277 4500
001 - CONTROL NUMBER
control field 14185035
003 - CONTROL NUMBER IDENTIFIER
control field MUT
005 - DATE AND TIME OF LATEST TRANSACTION
control field 20240606081532.0
008 - FIXED-LENGTH DATA ELEMENTS--GENERAL INFORMATION
fixed length control field 051130s2007 ohua b 001 0 eng
010 ## - LIBRARY OF CONGRESS CONTROL NUMBER
LC control number 2005938052
020 ## - INTERNATIONAL STANDARD BOOK NUMBER
International Standard Book Number 9780324236965 (hbk. : student ed.)
020 ## - INTERNATIONAL STANDARD BOOK NUMBER
International Standard Book Number 0324236964 (hbk. : student ed.)
040 ## - CATALOGING SOURCE
Original cataloging agency DLC
Transcribing agency MUT
042 ## - AUTHENTICATION CODE
Authentication code pcc
050 00 - LIBRARY OF CONGRESS CALL NUMBER
Classification number HB171.5
Item number .M263 2007
100 1# - MAIN ENTRY--PERSONAL NAME
Personal name Mankiw, N. Gregory.
245 10 - TITLE STATEMENT
Title Essentials of economics /
250 ## - EDITION STATEMENT
Edition statement 4th ed.
260 ## - PUBLICATION, DISTRIBUTION, ETC.
Place of publication, distribution, etc. Mason, OH :
Name of publisher, distributor, etc. Thomson South-Western,
Date of publication, distribution, etc. c2007.
300 ## - PHYSICAL DESCRIPTION
Extent xxxii, 600 p. :
Other physical details ill. ;
Dimensions 26 cm.
504 ## - BIBLIOGRAPHY, ETC. NOTE
Bibliography, etc. note Includes bibliographical references and index.
650 #0 - SUBJECT ADDED ENTRY--TOPICAL TERM
Topical term or geographic name entry element Economics.
906 ## - LOCAL DATA ELEMENT F, LDF (RLIN)
a 7
b cbc
c orignew
d 3
e epcn
f 20
g y-gencatlg
942 ## - ADDED ENTRY ELEMENTS (KOHA)
Source of classification or shelving scheme Library of Congress Classification
Koha item type Books
Holdings
Withdrawn status Lost status Source of classification or shelving scheme Damaged status Not for loan Home library Current library Shelving location Date acquired Source of acquisition Total checkouts Full call number Barcode Date last seen Price effective from Koha item type
    Library of Congress Classification     Murang'a University of Technology Library Murang'a University of Technology Library General stacks 08/02/2022 Donation-TFC   HB171.5 .M263 2007 029390 30/08/2024 08/02/2022 Books